000 00593nam a2200181 4500
003 AM-YEHGA
005 20251111154520.0
008 251027s1917 ru ||||| |||| 00| 0 rus d
040 _aAM-YEHGA
041 0 _arus
100 1 _aКропоткин, Петр Алексеевич
245 1 0 _aАнархия :
_bЕе философия, ее идеал /
_cП. Кропоткин.
260 _aМосква :
_bИзд. моск. федерации Анархистических групп,
_c1917.
300 _a57 с.
650 1 4 _aАнархизм
942 _2udc
_cBK
001 2037596
999 _c538084
_d538084